000 00488nam a2200169 i 4500
001 40494
003 ES-MaACL
005 20231212062534.0
007 t|
008 030306s1970 sp ||||1| spa d
100 1 _aCaro Baroja, Julio,
_d1914-1995
_935403
245 1 0 _aInquisición, brujería y cripto-judaísmo /
_cJulio Caro Baroja.
260 _aBarcelona, etc. :
_bAriel,
_c[1970]
300 _a315 p. ;
_c18 cm.
852 _aES-MaACL
_jC-46068
_bR.76052
999 _c40494
_d40494